[Event "ESP-ch U14"]
[Site "Salobrena"]
[Date "2024.07.18"]
[Round "6"]
[White "Ibanez Koblash, Daniel"]
[Black "Tortajada Marti, Nil"]
[Result "1/2-1/2"]
[WhiteElo "2053"]
[BlackElo "1900"]
[PlyCount "62"]
[EventDate "2024.07.15"]
[EventType "swiss"]
[EventRounds "9"]
[EventCountry "ESP"]
[SourceTitle "EXT 2025"]
[Source "ChessBase"]
[SourceDate "2024.10.14"]
[SourceVersion "1"]
[SourceVersionDate "2024.10.14"]
[SourceQuality "1"]

1. d4 Nf6 2. Bg5 d5 3. e3 c5 4. Bxf6 gxf6 5. Nc3 e6 6. Nf3 Nc6 7. Qd2 cxd4 8. Nxd4 e5 9. Nb3 Be6 10. 0-0-0 Bb4 11. a3 Bxc3 12. Qxc3 Qc7 13. Bb5 0-0-0 14. Kb1 Rhg8 15. g3 Bg4 16. Rd2 Bf3 17. Re1 Kb8 18. Qd3 Na5 19. Nxa5 Qxa5 20. b4 Qb6 21. Ba4 h5 22. Bb3 a5 23. Qc3 axb4 24. Qxb4 Qa6 25. Ka2 Rg4 26. Qe7 Rc8 27. Rb1 Rc7 28. Qd8+ Rc8 29. Qe7 Rc7 30. Qd8+ Rc8 31. Qe7 Qa5 1/2-1/2

[Event "ESP-ch U14"]
[Site "Salobrena"]
[Date "2024.07.17"]
[Round "5"]
[White "Tortajada Marti, Nil"]
[Black "Bravo Freire, Aitor"]
[Result "1-0"]
[WhiteElo "1900"]
[BlackElo "1707"]
[PlyCount "65"]
[EventDate "2024.07.15"]
[EventType "swiss"]
[EventRounds "9"]
[EventCountry "ESP"]
[SourceTitle "EXT 2025"]
[Source "ChessBase"]
[SourceDate "2024.10.14"]
[SourceVersion "1"]
[SourceVersionDate "2024.10.14"]
[SourceQuality "1"]

1. e4 e5 2. Nf3 Nc6 3. Bc4 Nf6 4. d3 Bc5 5. c3 d6 6. Bb3 Ne7 7. Nbd2 Ng6 8. 0-0 0-0 9. Re1 Bb6 10. Nf1 c6 11. h3 h6 12. d4 exd4 13. cxd4 Bc7 14. Ng3 Re8 15. Qc2 Kh8 16. Bxf7 Rf8 17. Bxg6 Ng8 18. Bf5 Bxf5 19. Nxf5 Qf6 20. Ng3 Bb6 21. Be3 Ne7 22. e5 dxe5 23. dxe5 Qe6 24. Bxb6 axb6 25. Nd4 Qd5 26. Ndf5 Ng6 27. Qe4 Qc5 28. Rac1 Qb5 29. Nd6 Qxb2 30. Rc2 Qa3 31. Qxg6 Qb4 32. Rce2 Rxa2 33. Nh5 1-0